| 000 | 00423nam a2200145Ia 4500 | ||
|---|---|---|---|
| 008 | 220217s9999||||xx |||||||||||||| ||und|| | ||
| 020 | _a81-8404-214-0 | ||
| 082 | _a004.67 MUS | ||
| 100 |
_aMusciano, Chuck and Kennedy, Bill _95599 |
||
| 245 | 0 | _aHTML and XHTML: the definitive guide | |
| 250 | _a6th | ||
| 260 |
_aShroff publishers and dist.Pvt. _bMumbai _c2006 |
||
| 300 | _b500 | ||
| 650 | _aPROGRAMMING LANGUAGE | ||
| 999 |
_c176627 _d176627 |
||